000 00344 a2200133 4500
001 63128
040 _cAnchieta - Pituba
100 _aMustafa, Allysson Queiroz
240 1 0 _a1ª Avaliação de História, I Unidade
_lpor
245 1 0 _a1ª Avaliação de História, I Unidade
362 0 _a2017
650 4 _aGeografia e História
942 _cBK
999 _c63128
_d63128